|
000
|
01404nam0 2200277 450
|
|
001
|
012025000281
|
|
005
|
20250905100252.67
|
|
010
|
|
@a978-7-5116-6996-4@dCNY410.00
|
|
100
|
|
@a20241231d2024 em y0chiy50 ea
|
|
101
|
0
|
@achi
|
|
102
|
|
@aCN@b110000
|
|
105
|
|
@aak z 000yy
|
|
200
|
1
|
@a中国南方番茄种质资源图鉴@Azhong guo nan fang fan qie zhong zhi zi yuan tu jian@f曹振木 ... [等] 主编
|
|
210
|
|
@a北京@c中国农业科学技术出版社@d2024.11
|
|
215
|
|
@a11, 641页@c彩图@d26cm
|
|
300
|
|
@a本研究由海南省国际科技合作研发项目刚果 (布) 热带果蔬种质资源联合考察及鉴定评价 (项目编号: GHYF2024001); 海南省重点研发计划项目海南樱桃番茄砧木资源评价及创新利用 (项目编号: ZDYF2020055); 中央级公益性科研院所非营利性专项右江干热河谷特色粮经作物轮作技术集成与示范 (项目编号: PZS2024016) 资助
|
|
304
|
|
@a题名页题: 曹振木, 秦于玲, 刘子记, 刘维侠, 申龙斌主编
|
|
330
|
|
@a本书以图鉴的形式着重介绍了番茄果实营养品质和风味品质的形成、番茄核心种质构建、番茄核心种质亲缘关系分析、番茄农艺性状和营养品质相关性分析、大果番茄品种营养与风味品质等内容, 以期为番茄种质资源创新、优良品种选育和特色产品研发提供参考。
|
|
606
|
0
|
@a番茄@Afan qie@x种质资源@y中国@j图集
|
|
690
|
|
@aS641@v5
|
|
690
|
|
@aS6:Z@v4
|
|
701
|
0
|
@a曹振木@Acao zhen mu@4主编
|
|
701
|
0
|
@a秦于玲@Aqin yu ling@4主编
|
|
701
|
0
|
@a刘子记@Aliu zi ji@4主编
|
|
801
|
0
|
@aCN@bCDNYKJZYXY@c20241231
|
|
905
|
|
@aCDNYKJZYXY@b300723814@dS6:Z@e89@f1
|
|
|
|
|
| |
| 中国南方番茄种质资源图鉴/曹振木 ... [等] 主编.-北京:中国农业科学技术出版社,2024.11 |
| 11, 641页:彩图;26cm |
| 本研究由海南省国际科技合作研发项目刚果 (布) 热带果蔬种质资源联合考察及鉴定评价 (项目编号: GHYF2024001); 海南省重点研发计划项目海南樱桃番茄砧木资源评价及创新利用 (项目编号: ZDYF2020055); 中央级公益性科研院所非营利性专项右江干热河谷特色粮经作物轮作技术集成与示范 (项目编号: PZS2024016) 资助 |
| |
| ISBN 978-7-5116-6996-4:CNY410.00 |
| 本书以图鉴的形式着重介绍了番茄果实营养品质和风味品质的形成、番茄核心种质构建、番茄核心种质亲缘关系分析、番茄农艺性状和营养品质相关性分析、大果番茄品种营养与风味品质等内容, 以期为番茄种质资源创新、优良品种选育和特色产品研发提供参考。 |
| ● |
正题名:中国南方番茄种质资源图鉴
索取号:S6:Z/89
 
预约/预借
| 序号
|
登录号
|
条形码
|
馆藏地/架位号
|
状态
|
备注
|
|
1
|
723814
|
300723814
|
柳城-5楼工具书/54架1列2层/
[索取号:S6:Z/89]
|
在馆
|
|